Bucharest Henri Coanda International Airport Destinations As of 2025 - Statistics

General Stats
  • This quiz has been taken 25 times
  • The average score is 78 of 124
Answer Stats
Country City % Correct
Germany Berlin
100%
Germany Frankfurt
100%
Finland Helsinki
100%
France Marseille
100%
Germany Munich
100%
France Paris
100%
Czech Republic Prague
100%
Albania Tirana
100%
Austria Vienna
100%
Greece Athens
94%
Belgium Brussels
94%
Germany Cologne
94%
Denmark Copenhagen
94%
Germany Düsseldorf
94%
Germany Hamburg
94%
Bulgaria Sofia
94%
Germany Stuttgart
94%
Croatia Zagreb
94%
Egypt Cairo
88%
France Lyon
88%
Armenia Yerevan
88%
Netherlands Amsterdam
82%
Hungary Budapest
82%
Italy Naples
82%
Norway Oslo
82%
Italy Rome
82%
Greece Thessaloniki
82%
France Bordeaux
76%
Moldova Chisinau
76%
Romania Cluj-Napoca
76%
Ireland Dublin
76%
Portugal Lisbon
76%
Luxembourg Luxembourg
76%
France Nice
76%
Portugal Porto
76%
Croatia Split
76%
Israel Tel Aviv
76%
Poland Warsaw
76%
Spain Barcelona
71%
Italy Bari
71%
Lebanon Beirut
71%
Belgium Charleroi
71%
Italy Genoa
71%
Greece Heraklion
71%
Romania Iasi
71%
Cyprus Larnaca
71%
Spain Madrid
71%
Malta Malta
71%
Morocco Marrakesh
71%
Italy Milan
71%
Germany Nuremberg
71%
Greece Rhodes
71%
Croatia Zadar
71%
Jordan Amman
65%
Serbia Belgrade
65%
Italy Bergamo
65%
Italy Bologna
65%
Italy Catania
65%
Greece Corfu
65%
Qatar Doha
65%
Germany Dortmund
65%
Italy Palermo
65%
Cyprus Paphos
65%
Latvia Riga
65%
Spain Seville
65%
Spain Valencia
65%
Denmark Billund
59%
Slovakia Bratislava
59%
Greece Chania
59%
Netherlands Eindhoven
59%
Portugal Faro
59%
Poland Gdańsk
59%
United Kingdom London
59%
Greece Mykonos
59%
Greece Santorini
59%
Italy Verona
59%
Greece Zakynthos
59%
France Beauvais
53%
United Arab Emirates Dubai
53%
Switzerland Geneva
53%
Turkey Istanbul
53%
Greece Kefalonia
53%
Finland Kittilä
53%
Romania Timisoara
53%
Italy Treviso
53%
Italy Turin
53%
Switzerland Zurich
53%
United Arab Emirates Abu Dhabi
47%
Italy Alghero
47%
Spain Alicante
47%
Turkey Antalya
47%
Italy Brindisi
47%
Italy Lamezia Terme
47%
Spain Málaga
47%
United Kingdom Manchester
47%
United States New York
47%
Italy Pisa
47%
Finland Turku
47%
United Kingdom Liverpool
41%
Spain Palma de Mallorca
41%
Italy Perugia
41%
Italy Pescara
41%
Greece Skiathos
41%
United States Chicago
35%
Syria Damascus
35%
Norway Sandefjord
35%
Romania Satu Mare
35%
Sweden Stockholm
35%
Spain Tenerife
35%
Romania Baia Mare
29%
United Kingdom Edinburgh
29%
Spain Ibiza
29%
United Kingdom Leeds
29%
Romania Oradea
29%
Romania Suceava
29%
Syria Aleppo
24%
United Kingdom Birmingham
24%
Spain Gran Canaria
24%
United Kingdom Bristol
18%
Spain Castellón
18%
Spain Santander
18%
Turkey Gazipasa
12%
Spain Zaragoza
12%
No matching quizzes found
Score Distribution
Percent of People with Each Score
Percentile by Number Answered
Your Score History
You have not taken this quiz